Catalog

Record Details

Catalog Search



Available copies

  • 0 of 1 copy available at LARL/NWRL Consortium. (Show)
  • 0 of 1 copy available at Northwest Regional Library.

Current holds

0 current holds with 1 total copy.

Show Only Available Copies
Location Call Number / Copy Notes Barcode Shelving Location Status Due Date
Roseau Public Library ya HIN (Text) 35500006884413 Main Checked out 07/21/2026

Record details

  • ISBN: 9798217040933
  • Physical Description: 180 pages, 2 unnumbered pages of plates : color ... Read More
  • Edition: Official Broadway edition.
  • Publisher: New York, New York : Viking, an imprint of Penguin Random House LLC, 2025.

Content descriptions

General Note:
"First published in the United States of America by The Viking Press, 1967"--Title page verso.
Includes photos of original Broadway cast and an interview with the author and playwrights by ... Read More
Summary, etc.:
The struggle of three brothers to stay together ... Read More
"No one ever said life was easy. But Ponyboy is ... Read More
Target Audience Note:
12-UP.
07-UP.
Subject: Families > Juvenile fiction.
Brothers > Juvenile fiction.
Orphans > Juvenile fiction.
Violence > Juvenile fiction.
Gangs > Juvenile fiction.
Friendship > Juvenile fiction.
Family life > Fiction.
Brothers > Fiction.
Orphans > Fiction.
Violence > Fiction.
Gangs > Fiction.
Friendship > Fiction.
Family members.
Friendships.
Genre: Fiction.
LDR 03038cam a2200625 i 4500
001471387
003LARL_NWRL_CONSORTIUM
00520250912141937.0
008250418t20251967nyufa j 000 1 eng d
040 . ‡aIG# ‡beng ‡erda ‡cIG# ‡dJVK ‡dJAS ‡dOCLCO
020 . ‡a9798217040933 ‡q(hardcover)
035 . ‡a(OCoLC)1515316502
08204. ‡a[Fic] ‡223/eng/20250903
1001 . ‡aHinton, S. E., ‡eauthor. ‡1https://id.oclc.org/worldcat/entity/E39PBJyMkCTHQbyGr3vB3TC84q ‡0(LARL_NWRL_CONSORTIUM)57884
24514. ‡aThe outsiders / ‡cS.E. Hinton.
250 . ‡aOfficial Broadway edition.
264 1. ‡aNew York, New York : ‡bViking, an imprint of Penguin Random House LLC, ‡c2025.
264 4. ‡c©1995
300 . ‡a180 pages, 2 unnumbered pages of plates : ‡bcolor illustrations ; ‡c22 cm
336 . ‡atext ‡btxt ‡2rdacontent
336 . ‡astill image ‡bsti ‡2rdacontent
337 . ‡aunmediated ‡bn ‡2rdamedia
338 . ‡avolume ‡bnc ‡2rdacarrier
5211 . ‡a12-UP.
5212 . ‡a07-UP.
500 . ‡a"First published in the United States of America by The Viking Press, 1967"--Title page verso.
500 . ‡aIncludes photos of original Broadway cast and an interview with the author and playwrights by theater director Danya Taymor.
520 . ‡aThe struggle of three brothers to stay together after their parents' death and their quest for identity among the conflicting values of their adolescent society.
520 . ‡a"No one ever said life was easy. But Ponyboy is pretty sure he's got things figured out. He knows that he can count on his brothers, Darry and Sodapop. And he knows that he can count on his friends--true friends who would do anything for him, like Johnny and Two-Bit. And when it comes to the Socs--a vicious gang of rich kids who enjoy beating up on "greasers" like him and his friends--he knows that he can count on them for trouble. But one night someone takes things too far, and Ponyboy's world is turned upside down..."-- ‡cBack cover.
650 0. ‡aFamilies ‡vJuvenile fiction. ‡0(LARL_NWRL_CONSORTIUM)164956
650 0. ‡aBrothers ‡vJuvenile fiction. ‡0(LARL_NWRL_CONSORTIUM)170953
650 0. ‡aOrphans ‡vJuvenile fiction. ‡0(LARL_NWRL_CONSORTIUM)166522
650 0. ‡aViolence ‡vJuvenile fiction.
650 0. ‡aGangs ‡vJuvenile fiction.
650 0. ‡aFriendship ‡vJuvenile fiction. ‡0(LARL_NWRL_CONSORTIUM)164914
650 1. ‡aFamily life ‡vFiction.
650 1. ‡aBrothers ‡vFiction. ‡0(LARL_NWRL_CONSORTIUM)163686
650 1. ‡aOrphans ‡vFiction. ‡0(LARL_NWRL_CONSORTIUM)166482
650 1. ‡aViolence ‡vFiction. ‡0(LARL_NWRL_CONSORTIUM)167837
650 1. ‡aGangs ‡vFiction. ‡0(LARL_NWRL_CONSORTIUM)165398
650 1. ‡aFriendship ‡vFiction. ‡0(LARL_NWRL_CONSORTIUM)164944
650 7. ‡aFamily members. ‡2homoit
650 7. ‡aFriendships. ‡2homoit
655 7. ‡aFiction. ‡2lcgft
7001 . ‡aTaymor, Danya, ‡einterviewer.
901 . ‡a471387 ‡bAUTOGEN ‡c471387 ‡tbiblio

Additional Resources